logo

Bir Sreshtho Munshi Abdur Rouf Library
Jhenaidah Cadet College

রিভার গড / (Record no. 11008)

MARC details
000 -LEADER
fixed length control field 00834nam a2200253 a 4500
001 - CONTROL NUMBER
JCCL Control Number 11008
003 - CONTROL NUMBER IDENTIFIER
JCCL marc code BD-JhCC
005 - DATE AND TIME OF LATEST TRANSACTION
control field 20221120134024.0
008 - FIXED-LENGTH DATA ELEMENTS--GENERAL INFORMATION
fixed length control field 190623s20072019bg |||| |||| 000 0 ben d
020 ## - INTERNATIONAL STANDARD BOOK NUMBER
International Standard Book Number 9849787011700040
035 ## - SYSTEM CONTROL NUMBER
system control number (BD-JhCC)11008
040 ## - CATALOGING SOURCE
Original cataloging agency BD-JhCC
Modifying agency BD-JhCC
041 ## - LANGUAGE CODE
Language code of Book ben
082 ## - DEWEY DECIMAL CLASSIFICATION NUMBER
Classification number 823.914
Author mark and Year SMI 2019
100 ## - MAIN ENTRY--PERSONAL NAME
Personal name উইলবার, স্মিথ
245 ## - TITLE STATEMENT
Title রিভার গড /
Statement of responsibility, etc স্মিথ উইলবার; মখদুম আহমেদ অনু.
246 ## - VARYING FORM OF TITLE
Remainder of title ৪র্থ সংস্করণ.
260 ## - PUBLICATION, DISTRIBUTION, ETC. (IMPRINT)
Place of publication, distribution, etc ঢাকা :
Name of publisher, distributor, etc রোদেলা,
Date of publication, distribution, etc ২০১৯.
300 ## - PHYSICAL DESCRIPTION
Pagination ৪১৫ পৃ. :
Dimensions ২২ সেমি.
650 ## - SUBJECT ADDED ENTRY--TOPICAL TERM
Topical term or geographic name as entry element Fiction.
650 ## - SUBJECT ADDED ENTRY--TOPICAL TERM
Topical term or geographic name as entry element History
Form subdivision Fiction.
Chronological subdivision 332 B.C.
Geographic subdivision Egypt
700 ## - ADDED ENTRY--PERSONAL NAME
Personal name আহমেদ, মখদুম
942 ## - ADDED ENTRY ELEMENTS (KOHA)
Source of classification or shelving scheme Dewey Decimal Classification
Koha item type Books
Koha issues (borrowed), all copies 9
Holdings
Source of classification or shelving scheme Damaged status Not for loan Home library Current library Shelving location Date of accession Cost, normal purchase price Total Checkouts Full call number Barcode Date last seen Date checked out Copy number Koha item type
Dewey Decimal Classification     JCC Rouf Library JCC Rouf Library General Stacks 06/23/2019 400.00 14 823.914 SMI 2019 15078 02/05/2026 02/03/2026 C-1 Books

JCC Library | Contacts | JCC Home

Last Update on 23 September 2017
Copyright @ 2017-2020 JCC Rouf Library
Rouf Library, Jhenidah Cadet College (JCC), Bangladesh